Normal view
MARC view
- Dillon, Conley
Entry Personal Name
001 - CONTROL NUMBER
- control field: 5288
003 - CONTROL NUMBER IDENTIFIER
- control field: OSt
005 - DATE AND TIME OF LATEST TRANSACTION
- control field: 20221102161456.0
008 - FIXED-LENGTH DATA ELEMENTS
- fixed length control field: 221102|| aca||aabn | a|a d
040 ## - CATALOGING SOURCE
- Original cataloging agency: OSt
- Transcribing agency: OSt
100 ## - HEADING--PERSONAL NAME
- Personal name: Dillon, Conley
670 ## - SOURCE DATA FOUND
- Source citation: Work cat.: (OSt)17572: Dillon, Conley, Introduction to political science
